A magyar gasztrofesztiválok látogatóit befolyásoló tényezők sokszínűsége

Bibliográfiai részletek
Szerző: Makra Lili Zsófia
További közreműködők: Hidvégi Hedvig
Dokumentumtípus: Diplomadolgozat
Kulcsszavak:fogyasztói preferenciák
gasztronómia
gasztronómiai fesztivál
Költési hajlandóság
tapasztalat
Online Access:http://dolgozattar.uni-bge.hu/59697

MARC

LEADER 00000nta a2200000 i 4500
001 dolg59697
005 20260409145435.0
008 260409suuuu hu om 000 hun d
040 |a BGE Dolgozattár Repozitórium  |b hun 
041 |a hu 
100 1 |a Makra Lili Zsófia 
245 1 2 |a A magyar gasztrofesztiválok látogatóit befolyásoló tényezők sokszínűsége  |c Makra Lili Zsófia  |h [elektronikus dokumentum] 
520 3 |a A kutatásomat három nagyobb csoportra lehet szétosztani: a motivációkra, a költségekre és tapasztalatokra. Összefoglalva a magyar nemzetiségű embereknek nagyon fontos a gasztrofesztivál megközelíthetősége, természeti környezete és a helyi ételek megkóstolása. A legtöbb kitöltőt többnyire befolyásolja az, hogy mennyi időbe telik eljutni a fesztivál helyszínére és a többségük legfeljebb egy és két órás utat tenne meg. Ez is összefüggésben van azzal, hogy a 80%-a legszívesebben Budapesten és környékén venne részt gasztrofesztiválon. A második legnépszerűbb helyszínnek a Balatont választották. Ha a gasztrofesztivál tematikáját vizsgáljuk, megállapíhatjuk, hogy a többség a desszert és tészta, majd húshoz kapcsolódó sütő és főző fesztiválokra látogatna el a legszívesebben, és a disznótorosra a legkevésbé szívesen. Ezen belül a palacsintafesztivál, az eper/szamóca fesztivál, valamint a borfesztivál a legkedveltebb. A fesztiválon a szárnyas ételeket fogyasztanák legszívesebben és a halas ételeket a legkevésbé szívesen. A költségeket tekintve a legkevesebbet a belépőjegyre, a legtöbbet az ételre, a második legtöbbet pedig az ital vásárlására lennének hajlandóak költeni egy gasztrofesztiválon. Egy gasztrofesztivál alatt egy főre vonatkoztatva, az emberek az ételekre többet lennének hajlandók költeni, mint az alkoholos italokra. A kitöltők többsége alkoholos italhoz kapcsolódó gasztrofesztiválon vett részt, többnyire Pest vármegyében és a Balatonon, de más vidéki helyszínek is előfordultak. A kiszolgálással összességében inkább elégedettek voltak. Az alkoholos italok kínálatával jobban meg voltak elégedve, mint az ételekével. Az ételek és italok minőségével inkább meg voltak elégedve. Az ételek és italok árát pedig a látogatók több mint fele kicsit, harmada nagyon drágának találta. 
695 |a fogyasztói preferenciák 
695 |a gasztronómia 
695 |a gasztronómiai fesztivál 
695 |a Költési hajlandóság 
695 |a tapasztalat 
700 1 |a Hidvégi Hedvig  |e ths 
856 4 0 |u http://dolgozattar.uni-bge.hu/59697/1/Makra%20Lili%20Zs%C3%B3fia%20szakdolgozat.pdf  |z Dokumentum-elérés 
856 4 0 |u http://dolgozattar.uni-bge.hu/59697/2/PM7ZMI%20Makra%20Lili%20Zs%C3%B3fia.pdf  |z Dokumentum-elérés 
856 4 0 |u http://dolgozattar.uni-bge.hu/59697/3/Szakdolgozat%20%C3%A9rt%C3%A9kel%C5%91%20Bsc_Makra%20Lili%20Zs%C3%B3fia.pdf  |z Dokumentum-elérés